000 00581nam a2200205 a 4500
005 20140310183434.0
008 080116s19uu xx 00 eng d
020 _a9781599180816
050 _aHD 62.5
_b.En559 2007
245 _aStart your own business /
250 _a4th ed.
260 _aU.S.A :
_bEntrepreneur Media, Inc,
_c2007.
300 _a720 p. :
_bill. ;
_c23 cm.
500 _aInclude appendix and index
521 _aBSBA
650 _aNew business enterprises
_xManagement.
650 _aSmall business
_xManagement.
942 _cBK
_2lcc
_kFOR
999 _c22805
_d22805